|
|
|
|
| LEADER |
00000cam a2200000 7i4500 |
| 001 |
0000001521 |
| 005 |
20010727.0 |
| 090 |
0 |
0 |
|a 338.02012595
|b MAL (n. d.)
|
| 110 |
1 |
0 |
|a MALAYSIA
|c Kastam dan Eksais DiRaja Malaysia
|
| 245 |
1 |
0 |
|a Struktur tarif pengharmonian sistem pemerihalan dan pengekodan komoditi :
|b (The harmonized commodity description and coding system); jil I & II
|
| 260 |
0 |
0 |
|a (Kuala Lumpur :
|b Kastam dan Eksais DiRaja Malaysia ,
|c n.d.)
|
| 300 |
|
|
|a v. ;
|c 26 cm.
|
| 650 |
0 |
0 |
|a Commercial products
|z Malaysia
|x Classification
|
| 998 |
|
|
|a JPSM
|
| 999 |
|
|
|a 0000003913
|b Monograph
|c Open Shelf
|e Default branch
|
| 999 |
|
|
|a 0000003914
|b Monograph
|c Open Shelf
|e Default branch
|